000 00333nam a2200133Ia 4500
008 240624s9999 xx 000 0 und d
041 _aeng
082 _a823 DAS
100 _aTRAUTMANN THOMAS R
245 _aARTHASHASTRA THE SCIENCE OF WEALTH
260 _c2012
_aNew Delhi
_bPenguin India
300 _a208 : p.
365 _cRS
_b25
999 _c19240
_d19240